A book of days for the Brazilian literary year
Kaydedildi:
| Materyal Türü: | Kitap |
|---|---|
| Dil: | Portekizce |
| Baskı/Yayın Bilgisi: |
Río de Janeiro, Brasil
Fundacao Biblioteca Nacional
1993
|
| Konular: | |
| Etiketler: |
Etiketle
Etiket eklenmemiş, İlk siz ekleyin!
|
MARC
| LEADER | 00000nam a2200000 a 4500 | ||
|---|---|---|---|
| 001 | UCT3932 | ||
| 003 | CL-VaPUC | ||
| 005 | 20220805074242.0 | ||
| 008 | 961031e19930000BL |||||||||||||||||por|d | ||
| 999 | |c 253430 |d 253428 | ||
| 040 | |c Pontificia Universidad Católica de Valparaíso | ||
| 082 | 0 | 4 | |a 809 BOO 1993 |2 21 |
| 245 | 1 | 2 | |a A book of days for the Brazilian literary year |
| 260 | 0 | 3 | |a Río de Janeiro, Brasil |b Fundacao Biblioteca Nacional |c 1993 |
| 300 | |a paginación irregular | ||
| 583 | |a last modification |c 19961031 00:00:00 |k Rodrigo Vera | ||
| 650 | 0 | |a Cronología |9 268356 | |
| 650 | 0 | |a Literatura brasileña |9 269433 | |
| 650 | 7 | |a CALENDARIOS Y EFEMERIDES |2 CL-VaPUC |9 373016 | |
| 942 | |c BK |2 ddc | ||
| 945 | |d 19961031 00:00:00 |a nastorga | ||
| 952 | |0 0 |1 0 |2 ddc |4 0 |6 809_000000000000000_BOO_1993 |7 0 |8 A |9 274280 |a BIBEDU |b BIBEDU |d 2019-11-19 |i 324699K |o 809 BOO 1993 |p 324699K |r 2019-11-19 |t 1 |w 2019-11-19 |y BK |k LIT | ||